000 00433nam a2200169Ia 4500
003 OSt
005 20260306101157.0
008 211028s2009 xx 000 0 und d
040 _cAIMIT LIBRARY
041 _aeng
100 _aV A, Ajesh; Ruban.
_g60471403
_92919
110 _aNausheeda.
_92920
245 _aInventory management system /
260 _aMangalore
_c2009
710 _aHarishree Infotech
_92921
942 _2ddc
_cPRO
999 _c217058
_d217058